[Event "Vienna Husek op-A"]
[Site "Vienna"]
[Date "2012.08.16"]
[Round "4"]
[White "Hofbauer, Peter"]
[Black "Fernandez, John C"]
[Result "1/2-1/2"]
[WhiteElo "2047"]
[BlackElo "2156"]
[PlyCount "96"]
[EventDate "2012.08.13"]
[EventType "swiss"]
[EventRounds "7"]
[EventCountry "AUT"]
[SourceTitle "EXT 2014"]
[Source "ChessBase"]
[SourceDate "2013.11.20"]
[SourceVersion "1"]
[SourceVersionDate "2013.11.20"]
[SourceQuality "1"]

1. e4 c5 2. c3 Nf6 3. e5 Nd5 4. d4 cxd4 5. Nf3 e6 6. cxd4 b6 7. Nc3 Nxc3 8. bxc3 Qc7 9. Bd2 Bb7 10. Be2 d6 11. 0-0 Nd7 12. exd6 Bxd6 13. h3 0-0 14. Qb3 Rac8 15. Rfd1 Bd5 16. Qb2 Qb7 17. Rac1 Bc4 18. Bxc4 Rxc4 19. Be3 Qa6 20. Qe2 b5 21. Nd2 Ra4 22. Rc2 Nb6 23. Ne4 Be7 24. Nc5 Bxc5 25. dxc5 Nd5 26. Rd4 Nxe3 27. fxe3 Rc4 28. Rxc4 bxc4 29. Rd2 Qb5 30. Rd4 Qxc5 31. Qxc4 Qb6 32. Qb4 g6 33. Qxb6 axb6 34. Rb4 Rc8 35. c4 Kf8 36. Kf2 Ke7 37. Ke2 Kd7 38. Rxb6 Rxc4 39. Rb7+ Ke8 40. Ra7 Rc2+ 41. Kf3 Kf8 42. a4 Ra2 43. h4 h5 44. g3 Kg7 45. a5 Kf6 46. a6 Ra1 47. Ke4 Ra4+ 48. Kf3 Ra2 1/2-1/2

[Event "Vienna Husek op-A"]
[Site "Vienna"]
[Date "2012.08.14"]
[Round "2"]
[White "Hofbauer, Peter"]
[Black "Schroll, Gerhard"]
[Result "0-1"]
[WhiteElo "2060"]
[BlackElo "2394"]
[PlyCount "62"]
[EventDate "2012.08.13"]
[EventType "swiss"]
[EventRounds "7"]
[EventCountry "AUT"]
[SourceTitle "CBM 149 Extra"]
[Source "ChessBase"]
[SourceDate "2012.08.24"]
[SourceVersion "1"]
[SourceVersionDate "2012.08.24"]
[SourceQuality "1"]

1. e4 d5 2. exd5 Qxd5 3. d4 e5 4. Nf3 exd4 5. Qxd4 Qxd4 6. Nxd4 a6 7. Bd3 Bd7 8. 0-0 Nc6 9. Re1+ Nge7 10. Nxc6 Bxc6 11. Nc3 0-0-0 12. Be4 h6 13. Be3 Bxe4 14. Nxe4 Nf5 15. Bf4 Nd4 16. Rac1 Rg8 17. c3 Ne6 18. Bg3 Be7 19. Kf1 Rge8 20. f3 f5 21. Nf2 Bg5 22. f4 Nxf4 23. Rxe8 Rxe8 24. Rc2 Nh5 25. Nd3 Nxg3+ 26. hxg3 Re3 27. Nc5 Be7 28. Nb3 Rxg3 29. Rf2 g6 30. Rd2 Re3 31. Nd4 Bd6 0-1

[Event "Oberwart op-A 34th"]
[Site "Oberwart"]
[Date "2012.07.14"]
[Round "8"]
[White "Huber, Martin Christian"]
[Black "Hofbauer, Peter"]
[Result "1-0"]
[WhiteElo "2189"]
[BlackElo "2047"]
[PlyCount "51"]
[EventDate "2012.07.07"]
[EventType "swiss"]
[EventRounds "9"]
[EventCountry "AUT"]
[SourceTitle "CBM 149 Extra"]
[Source "ChessBase"]
[SourceDate "2012.08.24"]
[SourceVersion "1"]
[SourceVersionDate "2012.08.24"]
[SourceQuality "1"]

1. d4 d5 2. c4 e6 3. Nf3 Nf6 4. Nc3 Be7 5. Bf4 0-0 6. Rc1 a6 7. e3 Nbd7 8. cxd5 exd5 9. Bd3 c5 10. dxc5 Nxc5 11. Bb1 Bg4 12. h3 Bxf3 13. Qxf3 Qa5 14. 0-0 Na4 15. Nxa4 Qxa4 16. Rc7 Rfe8 17. Rxb7 Ne4 18. Rc1 Bf6 19. Qh5 Rad8 20. Qxf7+ Kh8 21. f3 Nd2 22. Bxh7 Rc8 23. Bc2 Rxc2 24. Rxc2 Qxc2 25. Qxe8+ Kh7 26. Qh5+ 1-0

[Event "Donau op 20th"]
[Site "Aschach"]
[Date "2011.12.26"]
[Round "1"]
[White "Hofbauer, Peter"]
[Black "Boskovic, Drasko"]
[Result "0-1"]
[WhiteElo "2057"]
[BlackElo "2421"]
[PlyCount "80"]
[EventDate "2011.12.26"]
[EventType "swiss"]
[EventRounds "7"]
[EventCountry "AUT"]
[SourceTitle "CBM 146 Extra"]
[Source "ChessBase"]
[SourceDate "2012.02.29"]
[SourceVersion "1"]
[SourceVersionDate "2012.02.29"]
[SourceQuality "1"]

1. e4 c5 2. c3 d5 3. exd5 Qxd5 4. d4 g6 5. Nf3 Bg7 6. Be2 Nf6 7. 0-0 cxd4 8. Nxd4 0-0 9. Bf3 Qa5 10. Na3 a6 11. Qb3 Qc7 12. Qc4 Qe5 13. Qb3 Nbd7 14. Bd2 Nc5 15. Qc2 Ng4 16. Bxg4 Bxg4 17. Rfe1 Qc7 18. b4 e5 19. bxc5 exd4 20. cxd4 Bxd4 21. Rac1 Bf5 22. Qb3 Bxc5 23. Bb4 b6 24. Bxc5 bxc5 25. Qc3 Rfe8 26. Nc4 Rad8 27. Rxe8+ Rxe8 28. Ne3 Re5 29. f4 Re6 30. Nxf5 gxf5 31. Qg3+ Rg6 32. Qe3 Qc6 33. g3 c4 34. Qe5 Re6 35. Qxf5 Qb6+ 36. Kh1 Qf2 37. Qg5+ Kf8 38. Qd8+ Re8 39. Qd5 c3 40. Qb7 Qb2 0-1

[Event "Donau op 19th"]
[Site "Aschach"]
[Date "2010.12.30"]
[Round "6"]
[White "Hofbauer, Peter"]
[Black "Piskur, Mitja"]
[Result "0-1"]
[WhiteElo "2063"]
[BlackElo "2292"]
[PlyCount "98"]
[EventDate "2010.12.26"]
[EventType "swiss"]
[EventRounds "7"]
[EventCountry "AUT"]
[SourceTitle "CBM 140 Extra"]
[Source "ChessBase"]
[SourceDate "2011.03.01"]
[SourceVersion "1"]
[SourceVersionDate "2011.03.01"]
[SourceQuality "1"]

1. e4 d5 2. exd5 Qxd5 3. d4 Nc6 4. Nf3 Bg4 5. Be2 0-0-0 6. c3 e5 7. Nxe5 Bxe2 8. Qxe2 Nxe5 9. dxe5 Qxg2 10. Rf1 Ne7 11. Bf4 Ng6 12. Bg3 h5 13. h4 Qd5 14. Nd2 Be7 15. 0-0-0 Qxa2 16. Qe4 Qd5 17. Qa4 a6 18. Nb3 Qb5 19. Qxb5 Rxd1+ 20. Rxd1 axb5 21. Rh1 Rd8 22. Nd4 b4 23. e6 bxc3 24. bxc3 Bf6 25. exf7 Bxd4 26. cxd4 Rf8 27. Kc2 Rxf7 28. Ra1 Kd7 29. Ra5 Nf4 30. Kd2 g6 31. Ke3 Ne6 32. Rd5+ Ke8 33. Re5 Re7 34. d5 Ng7 35. Rxe7+ Kxe7 36. Bxc7 Nf5+ 37. Kf4 Nxh4 38. Kg5 Nf3+ 39. Kxg6 h4 40. Kf5 h3 41. Ke4 h2 42. Bxh2 Nxh2 43. Kd4 Ng4 44. Kc5 Kd7 45. f4 Nf6 46. f5 Ne4+ 47. Kd4 Nd6 48. f6 Kc7 49. Ke5 b5 0-1

[Event "Oberwart op"]
[Site "Oberwart"]
[Date "2010.07.17"]
[Round "8"]
[White "Hofbauer, Peter"]
[Black "Kiss, Lajos"]
[Result "1/2-1/2"]
[WhiteElo "2062"]
[BlackElo "2204"]
[PlyCount "43"]
[EventDate "2010.07.10"]
[EventType "swiss"]
[EventRounds "9"]
[EventCountry "AUT"]
[SourceTitle "CBM 137 Extra"]
[Source "ChessBase"]
[SourceDate "2010.09.01"]
[SourceVersion "1"]
[SourceVersionDate "2010.09.01"]
[SourceQuality "1"]

1. e4 e6 2. d4 d5 3. exd5 exd5 4. Bd3 Nc6 5. Ne2 Bd6 6. Nbc3 Be6 7. Be3 Nf6 8. Qd2 Qd7 9. Bf4 0-0-0 10. Bxd6 Qxd6 11. Bb5 Ne7 12. 0-0-0 c6 13. Ba4 Bf5 14. Ng3 Bg6 15. Rde1 Rde8 16. Re2 Nf5 17. Nxf5 Bxf5 18. f3 Rxe2 19. Nxe2 Re8 20. Ng3 Bg6 21. Re1 Rxe1+ 22. Qxe1 1/2-1/2

[Event "Oberwart op"]
[Site "Oberwart"]
[Date "2010.07.14"]
[Round "5"]
[White "Schreiner, Peter"]
[Black "Hofbauer, Peter"]
[Result "1-0"]
[WhiteElo "2275"]
[BlackElo "2062"]
[PlyCount "121"]
[EventDate "2010.07.10"]
[EventType "swiss"]
[EventRounds "9"]
[EventCountry "AUT"]
[SourceTitle "CBM 137 Extra"]
[Source "ChessBase"]
[SourceDate "2010.09.01"]
[SourceVersion "1"]
[SourceVersionDate "2010.09.01"]
[SourceQuality "1"]

1. e4 Nf6 2. e5 Nd5 3. d4 d6 4. c4 Nb6 5. f4 dxe5 6. fxe5 e6 7. Nc3 Bb4 8. Qg4 c5 9. dxc5 Na4 10. a3 Bxc3+ 11. bxc3 Nxc5 12. Qxg7 Qh4+ 13. Qg3 Qxg3+ 14. hxg3 Nb3 15. Rb1 Nxc1 16. Rxc1 Nd7 17. Nf3 b6 18. Kf2 Bb7 19. Re1 Rc8 20. Rh4 Rc5 21. Rh5 Ra5 22. Nd4 a6 23. Nc2 f6 24. Nd4 Nxe5 25. Nxe6 Kd7 26. Nf4 Rxa3 27. Rb1 Rxc3 28. Rxb6 Kc7 29. Rb2 Ng4+ 30. Kg1 Rc1 31. Ng6 hxg6 32. Rxh8 Be4 33. Rh4 f5 34. Rxg4 fxg4 35. Kf2 Kc6 36. Be2 Kc5 37. Ke3 Bc6 38. Ra2 Bb7 39. Bxg4 Rb1 40. Bf3 Bc8 41. Bd5 g5 42. g4 Re1+ 43. Kd2 Re7 44. Kc3 Re3+ 45. Kd2 Rg3 46. Bf3 Kb4 47. Ke3 a5 48. Rb2+ Kc3 49. Rb5 a4 50. Rxg5 a3 51. Kf4 Rxf3+ 52. gxf3 Be6 53. Ra5 Kb4 54. Rxa3 Kxa3 55. c5 Bd5 56. Ke5 Bxf3 57. g5 Kb4 58. Kd6 Be4 59. c6 Kc4 60. c7 Bf5 61. g6 1-0

[Event "Latschach op 24th"]
[Site "Latschach"]
[Date "2008.08.15"]
[Round "8"]
[White "Hauschild, Andreas"]
[Black "Hofbauer, Peter"]
[Result "1-0"]
[WhiteElo "2271"]
[BlackElo "2082"]
[PlyCount "97"]
[EventDate "2008.08.09"]
[EventType "swiss"]
[EventRounds "9"]
[EventCountry "AUT"]
[SourceTitle "CBM 125 Extra"]
[Source "ChessBase"]
[SourceDate "2008.09.01"]
[SourceVersion "1"]
[SourceVersionDate "2008.09.01"]
[SourceQuality "1"]

1. d4 Nf6 2. c4 c5 3. d5 e6 4. Nc3 exd5 5. cxd5 g6 6. e4 d6 7. f4 Bg7 8. Bb5+ Nfd7 9. a4 0-0 10. Nf3 a6 11. Bc4 Re8 12. 0-0 Nf6 13. Re1 b6 14. e5 Ng4 15. h3 Nh6 16. Be3 Ra7 17. Bf2 Nf5 18. Qd2 Rae7 19. Rad1 Nd7 20. Qd3 h5 21. Ne4 Nb8 22. Neg5 Bd7 23. e6 fxe6 24. Nxe6 Bxe6 25. dxe6 Nc6 26. Qe4 Ncd4 27. Nxd4 Bxd4 28. Bxd4 cxd4 29. g4 hxg4 30. hxg4 Nh4 31. Rd3 Qc7 32. Bd5 Qc5 33. Qxd4 Qxd4+ 34. Rxd4 Kg7 35. Kf2 Kf6 36. Kg3 g5 37. f5 Rc8 38. Bc4 b5 39. axb5 axb5 40. Bd3 Rc6 41. Be4 Rb6 42. Red1 Ke5 43. Bf3 Rh7 44. Rd5+ Kf6 45. Rxd6 Rxd6 46. Rxd6 Nxf3 47. Kxf3 Rh3+ 48. Kg2 Rb3 49. Rd7 1-0

[Event "Niederoesterreich Landesliga 0708"]
[Site "Austria"]
[Date "2007.10.28"]
[Round "4"]
[White "Mlynek, Petr"]
[Black "Hofbauer, Peter"]
[Result "1-0"]
[WhiteElo "2188"]
[BlackElo "2066"]
[PlyCount "49"]
[EventDate "2007.09.16"]
[EventType "team-tourn"]
[EventRounds "13"]
[EventCountry "AUT"]
[SourceTitle "EXT 2022"]
[Source "ChessBase"]
[SourceDate "2021.10.06"]
[SourceVersion "1"]
[SourceVersionDate "2021.10.06"]
[SourceQuality "1"]

1. d4 Nf6 2. c4 c5 3. d5 e6 4. Nc3 exd5 5. cxd5 d6 6. e4 g6 7. f4 Bg7 8. e5 dxe5 9. fxe5 Nh5 10. Bb5+ Bd7 11. Nf3 0-0 12. Bxd7 Qxd7 13. 0-0 Re8 14. Qe2 Na6 15. Bg5 h6 16. Bd2 Qg4 17. Qb5 Qb4 18. Rae1 Rad8 19. d6 Bxe5 20. Nxe5 Qd4+ 21. Be3 Qxe5 22. Bf2 Rxd6 23. Qxe8+ Qxe8 24. Rxe8+ Kg7 25. Re7 1-0

[Event "Niederoesterreich Landesliga 0708"]
[Site "Austria"]
[Date "2007.09.30"]
[Round "2"]
[White "Wallner, Erich"]
[Black "Hofbauer, Peter"]
[Result "0-1"]
[WhiteElo "2192"]
[BlackElo "2066"]
[PlyCount "154"]
[EventDate "2007.09.16"]
[EventType "team-tourn"]
[EventRounds "13"]
[EventCountry "AUT"]
[SourceTitle "EXT 2022"]
[Source "ChessBase"]
[SourceDate "2021.10.06"]
[SourceVersion "1"]
[SourceVersionDate "2021.10.06"]
[SourceQuality "1"]

1. d4 Nf6 2. Bg5 e6 3. e3 Be7 4. Bd3 c5 5. c3 cxd4 6. exd4 b6 7. Qe2 Bb7 8. Nf3 0-0 9. Nbd2 d6 10. 0-0 Nbd7 11. Rfe1 Nd5 12. Bxe7 Qxe7 13. g3 Qf6 14. Qe4 Qh6 15. Qh4 Qxh4 16. Nxh4 N7f6 17. f4 g6 18. h3 Rac8 19. Kf2 Rc7 20. Ng2 Rfc8 21. Nf3 a6 22. Re2 b5 23. a3 a5 24. g4 b4 25. axb4 axb4 26. c4 Ne7 27. b3 Bxf3 28. Kxf3 Nc6 29. Ke3 e5 30. fxe5 dxe5 31. dxe5 Nxe5 32. g5 Nh5 33. Ra5 Re7 34. Kd2 Nf3+ 35. Kc1 Rd7 36. Bc2 Nd4 37. Rd2 Ng3 38. Ne3 Nde2+ 39. Kd1 Nc3+ 40. Ke1 Re7 41. Rd3 Rce8 42. Kf2 Nf5 43. Nxf5 Re2+ 44. Kf3 gxf5 45. Bd1 Re1 46. Bc2 R8e2 47. Rd8+ Kg7 48. Bxf5 Rf1+ 49. Kg3 h6 50. gxh6+ Kxh6 51. Rb8 Kg7 52. Rxb4 Ref2 53. Bg4 Ne4+ 54. Kh4 Rf4 55. Rb6 Rg1 56. Rg5+ Nxg5 57. Kxg5 Rf3 58. Kh4 Rf2 59. Rb5 Rb2 60. Bf3 Rgb1 61. Rg5+ Kf6 62. c5 Rxb3 63. Bg2 Rc1 64. c6 Rb8 65. Rg4 Rc3 66. Rf4+ Ke5 67. Rf3 Rh8+ 68. Kg3 Rg8+ 69. Kh2 Rc2 70. Rg3 Rc8 71. Kh1 f5 72. Rg7 f4 73. Rg5+ Kf6 74. Rg4 Kf5 75. Rg7 Ra8 76. Rg4 Ra1+ 77. Kh2 f3 0-1